Étude sur le lavage au round buddle des boues provenant des galénes argentiféres / (Record no. 162200)

MARC details
000 -LEADER
campo de control de longitud fija 00821nam a22001815i 4500
001 - NÚMERO DE CONTROL
campo de control 162200
003 - IDENTIFICADOR DE NÚMERO DE CONTROL
campo de control ES-MaACL
005 - FECHA Y HORA DE LA ÚLTIMA TRANSACCIÓN
campo de control 20230906212442.0
008 - DATOS DE LONGITUD FIJA--INFORMACIÓN GENERAL
campo de control de longitud fija 041103s1878 sp |||| | spa d
040 ## - FUENTE DE CATALOGACIÓN
Centro catalogador/agencia de origen CAM
Lengua de catalogación spa
Centro/agencia transcriptor CAM
100 1# - ENTRADA PRINCIPAL--NOMBRE DE PERSONA
Nombre de persona Piquet, Alfonso.
9 (RLIN) 131180
245 10 - MENCIÓN DEL TÍTULO
Título Étude sur le lavage au round buddle des boues provenant des galénes argentiféres /
Mención de responsabilidad, etc. par Alphonse Piquet.
260 ## - PUBLICACIÓN, DISTRIBUCIÓN, ETC.
Lugar de publicación, distribución, etc. Madrid :
Nombre del editor, distribuidor, etc. [s.n.],
Fecha de publicación, distribución, etc. 1878 (
Fabricante Imp. y Fund. de la viuda é hijos de J. A. García)
300 ## - DESCRIPCIÓN FÍSICA
Extensión 7 p.; [1] h. de lám. ;
Dimensiones 23 cm.
594 ## - Nota al título y mención de responsabilidad
Nota al título y mención de responsabilidad Precede al tít: Exposition Universelle de Paris de 1878.
711 2# - ENTRADA AGREGADA--NOMBRE DE REUNIÓN
Nombre de congreso/reunión o jurisdicción como elemento de entrada Exposition Universelle (
Fecha del congreso o de la firma del tratado 1878.
Sede del congreso/Lugar de la reunión Paris)
9 (RLIN) 135143
852 ## - LOCALIZACIÓN
Ubicación ES-MaACL
Número de control de estantería T-903-F-2
Nota libre -- Enc. hol.
-- -- Legado de Federico de Botella y de Hornos
condición física -- Falto de la cub. original
Nota libre -- Enc. en un vol. facticio
Holdings
Estatus retirado Estado de pérdida Estado de daño No para préstamo Colección Biblioteca de origen Biblioteca actual Ubicación en estantería Fecha de adquisición Total de préstamos Signatura topográfica completa Código de barras Visto por última vez Precio de reemplazo Tipo de ítem Koha
        Colección de folletos Biblioteca del Ateneo de Madrid Biblioteca del Ateneo de Madrid Depósito folletos 17/01/2008   T-903-F-2 1169922 23/02/2023 23/02/2023 Folleto